00745nam a22002417a 450000100040000000500170000402000390002102000270006002000180008704000230010505000230012808200120015110000270016324500540019025000120024426000400025630000460029650500080034252000940035052100200044452100200046465000190048470120240712134203.0 a006020527X :c$14.00 ($18.75 Can.) a0060205288 (lib. bdg.) a9780064441766 aDLCcDLCdDLCbeng00aPZ7.H672bCap 199300a[E]2201 aHoff, Syd,d1912-2004.10aCaptain Cat :bstory and pictures /cby Syd Hoff. a1st ed. a[New York] :bHarperCollins,c1993. a46 pages :bcolor illustrations ;c22 cm. aM  aA cat makes friends with a soldier and learns about military life when he joins the army. a530 bLexile  aM bRaz-Plus  1aCatsxFiction.